000 nam a22 7a 4500
999 _c8409
_d8409
008 180116b ||||| |||| 00| 0 eng d
100 _94813
_aARIHAND DTAKASHAN
245 _aENGLISH WORK BOOK HONEY SUCKLE-6
260 _aMEERAT
_bARIHAND
_c2015